[Event "SC Gronau 1 - SG Ahaus-Wessum 1"]
[Site "Regionalliga Münsterland 2019"]
[Date "2019.09.28"]
[Round "2.3"]
[White "Rosing, Hermann"]
[Black "Storck, Martin"]
[Result "1/2-1/2"]
[WhiteElo "1980"]
[BlackElo "1958"]
[PlyCount "50"]
[EventDate "2019.??.??"]
[SourceDate "2019.09.14"]

1. f4 d5 2. Nf3 g6 3. e3 c5 4. Be2 Bg7 5. O-O Nf6 6. d4 Nc6 7. c3 Ne4 8. Nbd2
Nxd2 9. Bxd2 Qb6 10. b3 Bf5 11. Be1 O-O 12. Bf2 cxd4 13. exd4 Qc7 14. Qd2 Rac8
15. Rac1 Bh6 16. Be3 Rfd8 17. Nh4 Be4 18. f5 Bxe3+ 19. Qxe3 Kg7 20. Bg4 Rb8 21.
Rf4 g5 22. Rxe4 dxe4 23. Qxg5+ Kh8 24. Bh5 Rg8 25. Qh6 Qd6 1/2-1/2

[Event "SC Gronau 1 - SG Ahaus-Wessum 1"]
[Site "Regionalliga Münsterland 2019"]
[Date "2019.09.28"]
[Round "2.4"]
[White "Langendijk, Andre"]
[Black "Winking, Hendrik"]
[Result "1-0"]
[WhiteElo "1926"]
[BlackElo "1937"]
[PlyCount "47"]
[EventDate "2019.??.??"]
[SourceDate "2019.09.14"]

1. d4 d5 2. Bg5 Bf5 3. e3 c6 4. c4 Bxb1 5. Rxb1 Qa5+ 6. b4 Qxa2 7. c5 Nd7 8.
Ne2 Qa3 9. e4 dxe4 10. Rb3 Qa6 11. Nc3 b5 12. g3 Ngf6 13. Bg2 e6 14. O-O Be7
15. Bc1 O-O 16. Nxe4 Nxe4 17. Bxe4 Qb7 18. f4 Nf6 19. Bc2 a5 20. g4 axb4 21. g5
Nd5 22. Bxh7+ Kxh7 23. Rh3+ Kg6 24. f5+ 1-0

[Event "SC Gronau 1 - SG Ahaus-Wessum 1"]
[Site "Regionalliga Münsterland 2019"]
[Date "2019.09.28"]
[Round "2.5"]
[White "Ter Horst, Carsten"]
[Black "Reckzuegel, Philipp"]
[Result "0-1"]
[WhiteElo "1897"]
[BlackElo "1905"]
[PlyCount "54"]
[EventDate "2019.??.??"]
[SourceDate "2019.09.14"]

1. e4 c5 2. d4 cxd4 3. c3 d3 4. c4 Nc6 5. Bxd3 d6 6. h3 g6 7. Nf3 Bg7 8. O-O
Nf6 9. Nc3 O-O 10. Be3 Nd7 11. Nd2 b6 12. Rc1 Bb7 13. Bb1 Rc8 14. b3 Nc5 15. f4
Qd7 16. a3 Rfd8 17. b4 Ne6 18. Nd5 Bb2 19. Qb3 Bxc1 20. Rxc1 Ng7 21. g4 Ne8 22.
f5 Ne5 23. Rf1 e6 24. fxe6 fxe6 25. Bh6 Nf7 26. Qf3 exd5 27. exd5 Qe7 0-1

[Event "SC Gronau 1 - SG Ahaus-Wessum 1"]
[Site "Regionalliga Münsterland 2019"]
[Date "2019.09.28"]
[Round "2.6"]
[White "Rothkegel, Juergen"]
[Black "Woltering, Martin"]
[Result "1-0"]
[WhiteElo "1864"]
[BlackElo "1804"]
[PlyCount "57"]
[EventDate "2019.??.??"]
[SourceDate "2019.09.14"]

1. e4 e6 2. d4 d5 3. Nc3 Bb4 4. e5 c5 5. a3 Bxc3+ 6. bxc3 Qc7 7. Qg4 f5 8. Qg3
Ne7 9. Qxg7 Rg8 10. Qxh7 cxd4 11. Qh5+ Ng6 12. Bb5+ Nc6 13. Ne2 Bd7 14. Bxc6
Bxc6 15. Bg5 Qf7 16. cxd4 Nxe5 17. Qxf7+ Nxf7 18. Bh4 Bb5 19. Nf4 Kd7 20. a4
Bc6 21. Bg3 e5 22. dxe5 Nxe5 23. Nh5 Ng4 24. h3 Rae8+ 25. Kd2 Nxf2 26. Bxf2
Rxg2 27. Rhf1 Rh8 28. Nf4 Rg7 29. Bd4 1-0

[Event "SC Gronau 1 - SG Ahaus-Wessum 1"]
[Site "Regionalliga Münsterland 2019"]
[Date "2019.09.28"]
[Round "2.7"]
[White "Messelink, Gerrit"]
[Black "Kloenne, Tim"]
[Result "1/2-1/2"]
[WhiteElo "1768"]
[BlackElo "1801"]
[PlyCount "48"]
[EventDate "2019.??.??"]
[SourceDate "2019.09.14"]

1. e4 c6 2. d4 d5 3. e5 Bf5 4. Bd3 Bxd3 5. Qxd3 e6 6. Ne2 c5 7. c4 dxc4 8. Qxc4
Nc6 9. Be3 cxd4 10. Nxd4 Rc8 11. O-O Nxd4 12. Qxd4 Qxd4 13. Bxd4 a6 14. Nc3 Ne7
15. Rfd1 Nc6 16. Ne4 Nxd4 17. Rxd4 Be7 18. g3 Rc2 19. b4 O-O 20. a3 Rc7 21.
Rad1 Rfc8 22. Rd7 Kf8 23. Kg2 Ke8 24. R7d3 Rc1 1/2-1/2

[Event "SC Gronau 1 - SG Ahaus-Wessum 1"]
[Site "Regionalliga Münsterland 2019"]
[Date "2019.09.28"]
[Round "2.8"]
[White "Reinhold, Klaus"]
[Black "Mast, Holger"]
[Result "1/2-1/2"]
[WhiteElo "1823"]
[BlackElo "1696"]
[PlyCount "50"]
[EventDate "2019.??.??"]
[SourceDate "2019.09.14"]

1. d4 d5 2. c4 e5 3. dxe5 d4 4. a3 Nc6 5. Nf3 Bg4 6. Nbd2 Nge7 7. h3 Bxf3 8.
Nxf3 Ng6 9. e3 dxe3 10. Bxe3 Ngxe5 11. Be2 Qf6 12. O-O Be7 13. Qc2 O-O 14. b4
Rab8 15. Rfd1 Rfd8 16. Rxd8+ Rxd8 17. Rd1 Rxd1+ 18. Qxd1 b6 19. Nxe5 Nxe5 20.
Qd5 c6 21. Qe4 Qe6 22. f4 Nd7 23. Qxe6 fxe6 24. Bf3 c5 25. b5 Kf7 1/2-1/2

[Event "TV Borken 1 - SC Klein-Berlin Rheine 1"]
[Site "Regionalliga Münsterland 2019"]
[Date "2019.09.28"]
[Round "2.2"]
[White "Schroer, Klaus"]
[Black "Ottens, Stephan"]
[Result "0-1"]
[WhiteElo "2001"]
[BlackElo "2057"]
[PlyCount "56"]
[EventDate "2019.??.??"]
[SourceDate "2019.09.14"]

1. e4 c5 2. c3 d5 3. exd5 Qxd5 4. d4 Nf6 5. Nf3 Nc6 6. Na3 Bg4 7. Be2 cxd4 8.
Nb5 O-O-O 9. Nbxd4 Nxd4 10. cxd4 e5 11. Qc2+ Kb8 12. dxe5 Bxf3 13. gxf3 Bb4+
14. Kf1 Qxe5 15. Qb3 Nd5 16. Bc4 Rd6 17. Bxd5 Qe1+ 18. Kg2 Rg6+ 19. Kh3 Qe5 20.
Qxb4 Qh5+ 21. Qh4 Qf5+ 22. Qg4 Rxg4 23. fxg4 Qxd5 24. Bf4+ Ka8 25. Kg3 g5 26.
Be3 h5 27. f3 hxg4 28. fxg4 Rh3+ 0-1

[Event "TV Borken 1 - SC Klein-Berlin Rheine 1"]
[Site "Regionalliga Münsterland 2019"]
[Date "2019.09.28"]
[Round "2.3"]
[White "Averkamp Peters, Jens"]
[Black "Beckmann, David"]
[Result "1-0"]
[WhiteElo "1958"]
[BlackElo "2009"]
[PlyCount "43"]
[EventDate "2019.??.??"]
[SourceDate "2019.09.14"]

1. e4 e6 2. d4 d5 3. exd5 exd5 4. Bd3 Bd6 5. Nf3 Ne7 6. O-O Bg4 7. Re1 c6 8.
Nbd2 Qc7 9. h3 Bh5 10. c4 dxc4 11. Nxc4 Bb4 12. Re5 Bxf3 13. Qxf3 O-O 14. Bf4
Ng6 15. Bxg6 fxg6 16. Re8 Qf7 17. Rxf8+ Qxf8 18. Ne5 Na6 19. a3 Be7 20. Qb3+
Kh8 21. Qxb7 Rb8 22. Nf7+ 1-0

[Event "TV Borken 1 - SC Klein-Berlin Rheine 1"]
[Site "Regionalliga Münsterland 2019"]
[Date "2019.09.28"]
[Round "2.4"]
[White "Vijayakumaran, Vithoosan"]
[Black "Langhans, Joerg"]
[Result "0-1"]
[WhiteElo "1764"]
[BlackElo "1947"]
[PlyCount "96"]
[EventDate "2019.??.??"]
[SourceDate "2019.09.14"]

1. Nf3 Nf6 2. b3 d6 3. e3 e5 4. d4 e4 5. Nfd2 d5 6. Bb2 Bd6 7. c4 c6 8. Nc3 a6
9. a3 O-O 10. Be2 Be6 11. b4 Nbd7 12. c5 Bc7 13. a4 Ne8 14. h4 f5 15. g3 Nef6
16. Nf1 Ng4 17. Bxg4 fxg4 18. Ne2 Nf6 19. Nf4 Bd7 20. a5 Qe8 21. Bc1 Qf7 22.
Qe2 g6 23. Ra2 h6 24. Rc2 Kg7 25. Rg1 g5 26. Ng2 Qg6 27. Rb2 Rf7 28. Qd1 Raf8
29. Rc2 Nh5 30. Rb2 Rf6 31. Re2 Qf7 32. Qc2 Rf3 33. Qb2 Be6 34. Qc2 Bd8 35.
hxg5 hxg5 36. Bb2 Bc7 37. Bc1 Rf6 38. Bb2 Rh6 39. Nd2 Rf6 40. Nf1 Rh8 41. Bc3
Rfh6 42. Nd2 Nxg3 43. fxg3 Rh1 44. Rxh1 Rxh1+ 45. Nf1 Qxf1+ 46. Kd2 Bxg3 47.
Bb2 Bf2 48. Kc3 g3 0-1

[Event "TV Borken 1 - SC Klein-Berlin Rheine 1"]
[Site "Regionalliga Münsterland 2019"]
[Date "2019.09.28"]
[Round "2.5"]
[White "Langhanke, Guenther"]
[Black "Thesing, Ansgar"]
[Result "1-0"]
[WhiteElo "1942"]
[BlackElo "1789"]
[PlyCount "99"]
[EventDate "2019.??.??"]
[SourceDate "2019.09.14"]

1. e4 c5 2. Nc3 a6 3. g3 b5 4. Bg2 Bb7 5. d3 e6 6. Nf3 Be7 7. O-O d5 8. exd5
exd5 9. Re1 Nf6 10. Nh4 O-O 11. Nf5 Re8 12. Bg5 Nc6 13. Bxf6 Bxf6 14. Rxe8+
Qxe8 15. Nd6 Qd7 16. Nxb7 Qxb7 17. Bxd5 Qd7 18. Bg2 Rd8 19. Rb1 b4 20. Ne4 Be7
21. Nd2 g6 22. Bxc6 Qxc6 23. b3 Re8 24. Qf3 Qe6 25. Qe4 Qxe4 26. Nxe4 f5 27.
Nd2 Bf6 28. Kf1 Kf7 29. Re1 Rxe1+ 30. Kxe1 Ke6 31. Ke2 Kd5 32. Nf3 Be7 33. Ke3
Bf6 34. h4 h6 35. Ng1 Bd4+ 36. Kf3 Be5 37. Ne2 Bf6 38. Nf4+ Kd4 39. Ne2+ Kd5
40. Ke3 g5 41. h5 Bg7 42. f3 Bd4+ 43. Kd2 Bf6 44. c4+ Ke5 45. d4+ Kd6 46. Kd3
Be7 47. dxc5+ Kxc5 48. Nd4 Bd6 49. Nxf5 Bf8 50. Ke4 1-0

[Event "TV Borken 1 - SC Klein-Berlin Rheine 1"]
[Site "Regionalliga Münsterland 2019"]
[Date "2019.09.28"]
[Round "2.6"]
[White "Farwick, Christian"]
[Black "Bruemmer, Andreas"]
[Result "1/2-1/2"]
[WhiteElo "1843"]
[BlackElo "1917"]
[PlyCount "83"]
[EventDate "2019.??.??"]
[SourceDate "2019.09.14"]

1. Nf3 f5 2. d4 Nf6 3. c4 g6 4. Nc3 Bg7 5. e3 O-O 6. Be2 d6 7. O-O c6 8. b3 Qc7
9. Bb2 e5 10. dxe5 dxe5 11. Qc2 e4 12. Nd2 Nbd7 13. Rfd1 Ne5 14. b4 Be6 15. a4
h5 16. a5 h4 17. Na4 Neg4 18. Nf1 Rae8 19. Bd4 g5 20. Bxa7 f4 21. Bc5 fxe3 22.
fxe3 Qf7 23. Bxf8 Rxf8 24. Nc5 Bf5 25. Ra3 Ne5 26. a6 bxa6 27. Rxa6 g4 28. Rda1
Qg6 29. Ra8 Nf3+ 30. Bxf3 exf3 31. Rxf8+ Bxf8 32. Qf2 fxg2 33. Kxg2 g3 34. hxg3
Qg4 35. Qf4 Qe2+ 36. Kg1 Bh3 37. Qg5+ Kf7 38. gxh4 Bd6 39. Ra7+ Be7 40. Ra1 Bd6
41. Ra7+ Be7 42. Ra1 1/2-1/2

[Event "TV Borken 1 - SC Klein-Berlin Rheine 1"]
[Site "Regionalliga Münsterland 2019"]
[Date "2019.09.28"]
[Round "2.7"]
[White "Kornick, Ulrich"]
[Black "Boldrick, Marcel"]
[Result "1/2-1/2"]
[WhiteElo "1912"]
[BlackElo "1647"]
[PlyCount "48"]
[EventDate "2019.??.??"]
[SourceDate "2019.09.14"]

1. d4 Nf6 2. Nf3 b6 3. c4 e6 4. Nc3 Bb7 5. a3 Be7 6. Qc2 d5 7. e3 O-O 8. Bd3 h6
9. cxd5 Nxd5 10. Nxd5 exd5 11. Bd2 Nd7 12. Rc1 c5 13. O-O c4 14. Be2 Bd6 15.
Bb4 Bxb4 16. axb4 b5 17. Ra1 Qe7 18. Qc3 Rfe8 19. Ne1 Nf6 20. Nc2 Ne4 21. Qe1
a6 22. f3 Nd6 23. Ra3 Bc8 24. Rf2 Bf5 1/2-1/2

[Event "TV Borken 1 - SC Klein-Berlin Rheine 1"]
[Site "Regionalliga Münsterland 2019"]
[Date "2019.09.28"]
[Round "2.8"]
[White "Klueppel, Ralf"]
[Black "Hauk, Viktoria"]
[Result "1-0"]
[WhiteElo "1784"]
[BlackElo "1897"]
[PlyCount "77"]
[EventDate "2019.??.??"]
[SourceDate "2019.09.14"]

1. d4 Nf6 2. Nf3 e6 3. e3 b6 4. c4 Bb4+ 5. Bd2 Be7 6. Nc3 Bb7 7. Bd3 d5 8. O-O
O-O 9. Qe2 Nbd7 10. Rfd1 c5 11. cxd5 exd5 12. Rac1 Re8 13. Be1 cxd4 14. Nxd4
Bc5 15. Bb1 a6 16. Qc2 Rc8 17. Qe2 b5 18. a3 g6 19. b4 Bf8 20. Ba2 Nb6 21. Nb1
Ne4 22. Nc3 Nxc3 23. Bxc3 Bg7 24. Qb2 Na4 25. Qd2 Nb6 26. Nf3 Nc4 27. Bxc4 dxc4
28. Qxd8 Rcxd8 29. Nd4 Rd7 30. Rd2 Bh6 31. Nf5 gxf5 32. Rxd7 Be4 33. Rcd1 Bd3
34. Rd6 Bg5 35. Rxa6 f4 36. exf4 Bxf4 37. Re1 Rd8 38. g3 Bd6 39. Rxd6 1-0